000 00814nmm a2200265 a 4500
001 ocm0001411773
003 TR-IsHL
005 20201028164910.0
008 160220s2016 tu tur
007 cr cn
020 _a9786055032???
035 _a1411773
_b(N$T)
050 0 4 _aPL248.Y55
_bA5 2016
090 0 4 _aPL248.Y55
_bA5 2016
100 1 _aYılmaz, Sebahat
245 1 0 _aAnne kokusu
_h[electronic resource] /
_cSebahat Yılmaz
260 _aİstanbul :
_bAvrupa Yakası Yayınları,
_c2016
300 _a108 p.
650 4 _aDil ve Edebiyat
650 4 _aLanguage and Literature
650 0 _aTürk şiiri
650 0 _aTurkish poetry
650 7 _aPOETRY / Middle Eastern
_2bisacsh
856 4 0 _uhttp://search.ebscohost.com/login.aspx?direct=true&scope=site&db=e011xww&AN=1411773
999 _c15735
_d15735